| 000 | 00706cam a2200241 a 4500 | ||
|---|---|---|---|
| 001 | 000008617 | ||
| 005 | 20200929161355.0 | ||
| 008 | 930225s1987 sp 000 f spa d | ||
| 020 | _a8420480460 | ||
| 040 |
_aDO-SdBNP _bspa _cLC _dBNPHU |
||
| 082 |
_a863.64 _bL864m |
||
| 100 | 1 |
_aLope, Manuel de, _d1949- _923049 |
|
| 245 | 1 | 0 |
_aMadrid continental / _cManuel de Lope. |
| 260 |
_aMadrid : _bAlfaguara, _c1987. |
||
| 300 |
_a183 p. ; _c22 cm. |
||
| 490 | 1 |
_aAlfaguara Hispánica _v45 |
|
| 650 | 4 |
_aNovela española _91123 |
|
| 650 | 4 |
_aLiteratura española _9632 |
|
| 651 | 4 |
_aMadrid _xNovela _923050 |
|
| 830 | 0 |
_aAlfaguara Hispánica _v45 _94764 |
|
| 910 | _aCatalogación por copia / LC | ||
| 049 | _aBNGR | ||
| 999 |
_c8387 _d8387 |
||